000 00620nam a2200181Ia 4500
003 IN-BaIIA
008 211028s9999 xx 000 0 eng d
040 _cIIA Library
080 _a5(082)
_bINT
110 _aNational Institute of Science Communication and Information
_937062
245 0 _aInternational conference on science communication for scientific temper
_cNational Institute of Science Communication and Information
260 _aNew Delhi
_bNISCAIR
_c2012
300 _a459p.
650 _aConference
_937063
650 _aScience communication
_937064
650 _aScientific temper
_937065
942 _cBK
999 _c19382
_d19382